000 00428nam a2200157 i 4500
001 37557
003 ES-MaACL
005 20230906155611.0
007 t|
008 030221s1921 sp ||||1| spa d
100 0 _aEl Caballero Audaz.
_933095
245 1 0 _aDesamor
_b: novela /
_cEl Caballero Audaz (seud.).
260 _aMadrid :
_b[s.n.,
_c1921] (
_fImp. Yagües)
300 _a262 p. ;
_c19 cm.
852 _aES-MaACL
_jF-12147
999 _c37557
_d37557